00558nam a22001817a 450000500170000001000150001702000260003202000230005803500140008103700130009508200150010810000180012324500620014126000450020327000640024830000300031250000340034220161108124604.0 aENG-116478 c875.00a9780199459223 c875.00a0199459223 aEN-100010 bDBAD/PUB a355.033554 aKarnad,Bharat aWhy India is not a great power (yet) /cby Bharat Karnad  aNew DelhibOxford University Pressc2016 aYMCA Library Building, 1 Jai Singh Road,bNew Delhie110001 axiii,553p.c23cm(Hb)bmap aIncludes references and index